| 000 | 00635nam a2200193Ia 4500 | ||
|---|---|---|---|
| 003 | GCL | ||
| 008 | 140319s9999 xx 000 0 ara d | ||
| 040 |
_aGCL / _cGCL |
||
| 082 | 0 | 4 |
_a346.03 _bم ت |
| 100 | 1 | _aمحمد ابراهيم دسوقى | |
| 245 | 1 | 0 |
_aتقدير التعويض بين الخطا والضرر / _cمحمد ابراهيم دسوقى |
| 260 |
_a[S.N] : _bمؤسسة الثقافةالجامعية للطبع والنشر |
||
| 300 | _a551 ص | ||
| 490 | _a | ||
| 650 | 0 | 4 | _aالشريعة الاسلامية |
| 650 | 0 | 4 | _aالقضاء الاداري |
| 650 | 0 | 4 | _aقضاء التعويض |
| 942 |
_2ddc _cBK |
||
| 999 |
_c33365 _d33365 |
||